Dạy mĩ thuật theo định hướng phát triển năng lực lớp 1
Đã lưu trong:
| 主要作者: | |
|---|---|
| 格式: | 圖書 |
| 出版: |
Hà Nội
Giáo dục
2016
|
| 標簽: |
添加標簽
沒有標簽, 成為第一個標記此記錄!
|
| Thư viện lưu trữ: | Trung tâm Học liệu Lê Vũ Hùng, Trường Đại học Đồng Tháp |
|---|
| LEADER | 00664pam a22001938a 4500 | ||
|---|---|---|---|
| 001 | 00038178 | ||
| 005 | 20171026081025.0 | ||
| 008 | 170515s2016 ||||||Viesd | ||
| 041 | 0 | # | |a Vie |
| 082 | 1 | 4 | |a 372.5 |b D112M |
| 100 | 1 | # | |a Nguyễn, Thị Nhung |
| 245 | 1 | 0 | |a Dạy mĩ thuật |c Nguyễn Thị Nhung...[ và những người khác] |b theo định hướng phát triển năng lực lớp 1 |
| 260 | # | # | |a Hà Nội |b Giáo dục |c 2016 |
| 300 | # | # | |a 115tr. |c 27cm |
| 852 | # | # | |b Kho đọc |j KD.1001197 |
| 910 | |d 15/05/2017 | ||
| 980 | # | # | |a Trung tâm Học liệu Lê Vũ Hùng, Trường Đại học Đồng Tháp |